10 U.S Secret States - Statistics

General Stats
  • This quiz has been taken 16 times
  • The average score is 8 of 10
Answer Stats
Hint Answer % Correct
It is located in the west, it is the richest state California
100%
Very popular place for tourists New York
94%
It is the largest state Texas
94%
A state located in the south, close to the Bahamas Florida
88%
It borders Lake Michigan, there is Chicago Illinois
88%
It has the same name as country Georgia
75%
Considered a meme Ohio
75%
It has 13 million population, there is City Pittsburg Pennsylvania
69%
It borders the Atlantic Ocean to the east, starts with N North Carolina
63%
It is the most densely populated state New Jersey
56%
No matching quizzes found
Score Distribution
Percent of People with Each Score
Percentile by Number Answered
Your Score History
You have not taken this quiz